Frontera del conocimiento e innovación: Octavo Simposio Anáhuac en Investigación 2012
Uloženo v:
| Korporativní autor: | |
|---|---|
| Médium: | Kniha |
| Jazyk: | španělština |
| Vydáno: |
Ciudad de México
Universidad Anáhuac
2012
|
| Témata: | |
| Tagy: |
Přidat tag
Žádné tagy, Buďte první, kdo vytvoří štítek k tomuto záznamu!
|
MARC
| LEADER | 00000cam a2200000 a 4500 | ||
|---|---|---|---|
| 001 | UCF5907 | ||
| 003 | CL-VaPUC | ||
| 008 | 130404e20120000MX |||||||||||||||||spa|d | ||
| 020 | |a 9786077652205 | ||
| 082 | 0 | 4 | |a 501 |b UNI |2 21 |
| 110 | 2 | |a Universidad Anáhuac |e author |9 567904 | |
| 245 | 1 | 0 | |a Frontera del conocimiento e innovación: Octavo Simposio Anáhuac en Investigación 2012 |
| 300 | |a 150 p | ||
| 942 | |c BK | ||
| 945 | |d 20130404 00:00:00 |a dcastane | ||
| 260 | |a Ciudad de México |b Universidad Anáhuac |c 2012 | ||
| 650 | 0 | |a Ciencia |9 255691 | |
| 650 | 0 | |a Conocimiento científico |9 420542 | |
| 650 | 0 | |a Método científico |9 337193 | |
| 650 | 0 | |a Tecnología |9 256742 | |
| 583 | |a last modification |c 20130404 09:53:00 |k Rodrigo Vera | ||
| 999 | |c 351300 |d 351298 | ||